| 000 | 00463cam a22001217a 4500 | ||
|---|---|---|---|
| 008 | 180718b1970 xxu||||| |||| 00| 0 eng d | ||
| 082 | _aT000x5445 N213 | ||
| 245 |
_aDevelopment programmes for Goa, Daman and Diu _cby National Council of Applied Economic Research |
||
| 260 |
_aNew Delhi _bNational Council of Applied Economic Research _c1970 |
||
| 300 | _a171p. | ||
| 650 | _aEconomic planning - India - Goa | ||
| 700 | _aNational Council of Applied Economic Research | ||
| 999 |
_c375325 _d375325 |
||